Dictionnaire du droit maritime / (Record no. 1343)

MARC details
000 -LEADER
fixed length control field 01126cam a2200373Mi 4500
001 - CONTROL NUMBER
control field ocm57280645
003 - CONTROL NUMBER IDENTIFIER
control field OCoLC
005 - DATE AND TIME OF LATEST TRANSACTION
control field 20110926072439.0
008 - FIXED-LENGTH DATA ELEMENTS--GENERAL INFORMATION
fixed length control field 041201s2004 fr 000 0 fre d
020 ## - INTERNATIONAL STANDARD BOOK NUMBER
International Standard Book Number 2753500150
020 ## - INTERNATIONAL STANDARD BOOK NUMBER
International Standard Book Number 9782753500150
035 ## - SYSTEM CONTROL NUMBER
System control number (OCoLC)57280645
040 ## - CATALOGING SOURCE
Original cataloging agency TZT
Transcribing agency TZT
Modifying agency MUQ
-- NYDWH
-- UQ1
049 ## - LOCAL HOLDINGS (OCLC)
Holding library TZAA
050 #4 - LIBRARY OF CONGRESS CALL NUMBER
Classification number KJV
072 #7 - SUBJECT CATEGORY CODE
Subject category code KJV
Source lcco
082 14 - DEWEY DECIMAL CLASSIFICATION NUMBER
Classification number 343
Edition number 1
100 1# - MAIN ENTRY--PERSONAL NAME
Personal name Le Bayon, Alain.
9 (RLIN) 5221
245 10 - TITLE STATEMENT
Title Dictionnaire du droit maritime /
Statement of responsibility, etc Alain Le Bayon.
260 ## - PUBLICATION, DISTRIBUTION, ETC. (IMPRINT)
Place of publication, distribution, etc Rennes :
Name of publisher, distributor, etc Presses universitaires de Rennes,
Date of publication, distribution, etc 2004.
300 ## - PHYSICAL DESCRIPTION
Extent 280 p.
490 1# - SERIES STATEMENT
Series statement Didact droit
650 #6 - SUBJECT ADDED ENTRY--TOPICAL TERM
Topical term or geographic name as entry element Droit maritime
Geographic subdivision France
Form subdivision Dictionnaires français.
9 (RLIN) 5222
650 17 - SUBJECT ADDED ENTRY--TOPICAL TERM
Topical term or geographic name as entry element MARITIME LAW.
Source of heading or term unbist
9 (RLIN) 5223
650 27 - SUBJECT ADDED ENTRY--TOPICAL TERM
Topical term or geographic name as entry element FRENCH LANGUAGE.
Source of heading or term unbist
9 (RLIN) 5224
650 27 - SUBJECT ADDED ENTRY--TOPICAL TERM
Topical term or geographic name as entry element DICTIONARIES.
Source of heading or term unbist
9 (RLIN) 5225
650 #7 - SUBJECT ADDED ENTRY--TOPICAL TERM
Topical term or geographic name as entry element Droit international
Source of heading or term rasuqam
9 (RLIN) 5226
650 17 - SUBJECT ADDED ENTRY--TOPICAL TERM
Topical term or geographic name as entry element Droit maritime
Source of heading or term rasuqam
9 (RLIN) 5227
651 #7 - SUBJECT ADDED ENTRY--GEOGRAPHIC NAME
Geographic name France
Source of heading or term rasuqam
9 (RLIN) 5228
653 ## - INDEX TERM--UNCONTROLLED
Uncontrolled term Law of the sea
655 #7 - INDEX TERM--GENRE/FORM
Genre/form data or focus term Dictionnaire (Descripteur de forme)
Source of term rasuqam
9 (RLIN) 5229
830 #0 - SERIES ADDED ENTRY--UNIFORM TITLE
Uniform title Didact droit.
9 (RLIN) 5230
942 ## - ADDED ENTRY ELEMENTS (KOHA)
Source of classification or shelving scheme Library of Congress Classification
Koha item type Books

No items available.

African Court on Human and Peoples' Rights | For Inquiries Contact » +255 272 510 510